Estancia de los Reyes de Jordania en Barcelona
Descripción Física:
Il·lustracions
Colección:
San Jorge,
; núm. 19 (juliol 1955), pàg 66-67
Idioma:
Español
MARC
| LEADER | 00000naa a2200000 a 4500 | ||
|---|---|---|---|
| 003 | Arxiu | ||
| 005 | 20260324181031.0 | ||
| 008 | 160829s1955 spcaxx s spa c | ||
| 040 | |a AGDB | ||
| 245 | 0 | 0 | |a Estancia de los Reyes de Jordania en Barcelona |
| 300 | |a Il·lustracions | ||
| 490 | |a San Jorge, |v núm. 19 (juliol 1955), pàg 66-67 | ||
| 500 | |a Fotos Domínguez | ||
| 590 | |a Conté cinc fotografies | ||
| 650 | 0 | |a Visites oficials |9 31008 |z Barcelona (Catalunya) | |
| 651 | 0 | |9 55562 |a Jordània |x Reis i sobirans | |
| 773 | |g Núm. 19 (juliol 1955), pàg 66-67 |t San Jorge. | ||
| 901 | |a Arxiu | ||
| 942 | |n 1 |2 udc |c ART | ||
| 952 | |0 0 |1 0 |4 0 |6 REV510 |7 1 |9 65254 |a Arxiu |b Arxiu |d 2023-02-08 |l 0 |o Rev-510 |r 2023-02-08 00:00:00 |w 2023-02-08 |y ARXIU |z També disponible a Rev-524 | ||
| 999 | |c 47733 |d 47733 | ||